| 000 | 00838nam a22002297a 4500 | ||
|---|---|---|---|
| 005 | 20180626094416.0 | ||
| 010 | _a1718EN-30 ENG-120880 B-687368-372 | ||
| 020 |
_a9789386392640 _c495.00 |
||
| 035 | _aB-687368-372 | ||
| 035 | _aEN-104412 | ||
| 037 |
_bUppal _aDPL |
||
| 037 | _bDBAD/PUB | ||
| 082 | _a320.95443 | ||
| 100 | _aShah, A.M. | ||
| 245 |
_aSociology and history : _cby A.M. Shah _b dialogues towards integration / |
||
| 260 |
_c2017 _aNew Delhi _bOrient Blackswan |
||
| 270 |
_a1/24, Asaf Ali Road _bNew Delhi _e110002 |
||
| 300 |
_c23cm(pbk) _axii,254p. |
||
| 500 | _aIncludes bibliographical references | ||
| 942 |
_cEN _2ddc _mSHA _h320.95443 |
||
| 999 |
_c144459 _d144459 |
||